The Fall-Off Tracklist (J. Cole) - Statistics

General Stats
  • This quiz has been taken 185 times
    150 since last reset
  • The average score is 17 of 24
Answer Stats
Hint Answer % Correct
Disc 29 1 29 Intro
98%
Disc 39 1 39 Intro
98%
Disc 29 2 Two Six
91%
Disc 29 3 SAFETY
89%
Disc 29 4 Run A Train (with Future)
83%
Disc 39 2 The Fall-Off is Inevitable
83%
Disc 29 7 Bunce Road Blues (with Future & Tems)
78%
Disc 39 12 Ocean Way (Bonus)
77%
Disc 39 3 The Villest (with Erykah Badu)
76%
Disc 29 8 WHO TF IZ U
72%
Disc 39 8 I Love Her Again
71%
Disc 29 6 Legacy (with PJ)
70%
Disc 29 5 Poor Thang
70%
Disc 39 11 and the whole world is the Ville
68%
Disc 39 4 Old Dog (with Petey Pablo)
67%
Disc 39 10 Quik Stop
67%
Disc 29 10 The Let Out
67%
Disc 29 11 Bombs in the Ville/Hit the Gas
65%
Disc 39 5 Life Sentence
62%
Disc 29 12 Lonely at the Top (Bonus)
60%
Disc 39 9 What If (with Morray)
59%
Disc 39 6 Only You (with Burna Boy)
55%
Disc 29 9 Drum n Bass
54%
Disc 39 7 Man Up Above
50%
No matching quizzes found
Score Distribution
Percent of People with Each Score
Percentile by Number Answered
Your Score History
You have not taken this quiz since the last reset